[Event "48th Reggio Emilia it"]
[Site "Reggio Emilia ITA"]
[Date "2006.01.04"]
[Round "7"]
[White "Yevseev, Denis"]
[Black "Landa, Konstantin"]
[Result "1/2-1/2"]
[WhiteElo "2554"]
[BlackElo "2600"]
[EventDate "2005.12.29"]
[PlyCount "33"]

1.d4 Nf6 2.c4 e6 3.Nf3 d5 4.g3 Bb4+ 5.Bd2 Be7 6.Bg2 O-O 7.O-O c6 8.Bf4 b6 
9.Nc3 Bb7 10.Ne5 Nbd7 11.e4 Nxe5 12.dxe5 Nxe4 13.Nxe4 dxe4 14.Bxe4 Qc7 15.
Qh5 g6 16.Qf3 Rab8 17.h4 1/2-1/2

[Event "48th Reggio Emilia it"]
[Site "Reggio Emilia ITA"]
[Date "2006.01.05"]
[Round "8"]
[White "Franchini, Gabriele"]
[Black "Piscopo, Pierluigi"]
[Result "1/2-1/2"]
[WhiteElo "2315"]
[BlackElo "2399"]
[EventDate "2005.12.29"]
[PlyCount "140"]

1.d4 c5 2.c3 Nf6 3.Nf3 b6 4.Bg5 e6 5.e3 Bb7 6.Nbd2 Be7 7.Bd3 cxd4 8.exd4 
O-O 9.Qe2 d6 10.O-O Nbd7 11.Rfe1 Re8 12.Rad1 a6 13.a4 Qc8 14.Ne4 Bc6 15.
Qc2 h6 16.Bf4 Nxe4 17.Bxe4 Nf6 18.Bxc6 Qxc6 19.Qb3 Nd5 20.Bg3 b5 21.axb5 
axb5 22.Ra1 Rec8 23.Nd2 Bg5 24.Ne4 Bf4 25.Bxf4 Nxf4 26.f3 e5 27.Rad1 exd4 
28.Rxd4 Re8 29.g3 d5 30.gxf4 dxe4 31.fxe4 Ra4 32.Qd1 Ra2 33.Re2 Rea8 34.
Rd8+ Rxd8 35.Qxd8+ Kh7 36.Qd4 Ra1+ 37.Kf2 Qg6 38.Kf3 Qh5+ 39.Ke3 Qh3+ 40.
Kd2 Qf1 41.Qf2 Qc1+ 42.Kd3 Ra8 43.e5 Rd8+ 44.Ke4 Qd1 45.Kf3 Qd7 46.Qg2 Qf5
47.Rd2 Re8 48.Qg4 Qb1 49.Qd7 Qh1+ 50.Ke3 Qg1+ 51.Kd3 Qb1+ 52.Ke3 Qg1+ 53.
Kd3 Qb1+ 54.Kd4 Ra8 55.Kc5 Qg1+ 56.Qd4 Qh1 57.Kxb5 Rb8+ 58.Kc4 Qa8 59.b4 
Qa3 60.f5 Rc8+ 61.Kd3 Qa1 62.f6 g6 63.c4 Qa8 64.Ke3 Re8 65.Qd5 Qa7+ 66.c5 
Kg8 67.Ke4 Qa1 68.c6 Qe1+ 69.Kf4 Qh4+ 70.Kf3 Qh5+ 1/2-1/2

[Event "48th Reggio Emilia it"]
[Site "Reggio Emilia ITA"]
[Date "2006.01.05"]
[Round "8"]
[White "Landa, Konstantin"]
[Black "Ronchetti, Niccolo"]
[Result "1-0"]
[WhiteElo "2600"]
[BlackElo "2402"]
[EventDate "2005.12.29"]
[PlyCount "87"]

1.e4 c5 2.Nc3 Nc6 3.Nf3 g6 4.d4 cxd4 5.Nxd4 Bg7 6.Be3 Nf6 7.Bc4 O-O 8.Bb3 
a5 9.f3 d5 10.Bxd5 Nxd5 11.Nxd5 f5 12.Nxc6 bxc6 13.Nb6 Rb8 14.Qxd8 Rxd8 
15.Rd1 Rxd1+ 16.Kxd1 fxe4 17.Nxc8 Rxc8 18.fxe4 Bxb2 19.Ke2 Be5 20.Rb1 Bxh2
21.Rb6 Kf7 22.Ra6 Ke6 23.Rxa5 Rb8 24.Ra6 Kd7 25.Ra7+ Ke6 26.a4 h5 27.a5 
Rb2 28.Kd3 Ra2 29.Bb6 h4 30.a6 g5 31.Ra8 g4 32.a7 Be5 33.Rg8 h3 34.Rxg4 h2
35.Rh4 Kf6 36.Bd4 Kg5 37.Rh3 Bf4 38.g3 Ra3+ 39.c3 Bd6 40.e5 c5 41.exd6 
exd6 42.Be3+ Kg4 43.Rxh2 Rxa7 44.Rh6 1-0

[Event "48th Reggio Emilia it"]
[Site "Reggio Emilia ITA"]
[Date "2006.01.05"]
[Round "8"]
[White "Vocaturo, Daniele"]
[Black "Kotronias, Vasilios"]
[Result "1-0"]
[WhiteElo "2364"]
[BlackElo "2626"]
[EventDate "2005.12.29"]
[PlyCount "61"]

1.e4 d5 2.exd5 Qxd5 3.Nc3 Qa5 4.d4 Nf6 5.Nf3 c6 6.Bc4 Bf5 7.Bd2 e6 8.Nd5 
Qd8 9.Nxf6+ Qxf6 10.Qe2 Nd7 11.d5 cxd5 12.Bxd5 Be7 13.Bc3 Bb4 14.Bxb4 Qxb2
15.Qd2 Qxa1+ 16.Ke2 Qb2 17.Bb3 O-O-O 18.Qe3 Bg4 19.Bd6 Nb8 20.Be5 Qa3 21.
Bxe6+ Bxe6 22.Qxa3 Bc4+ 23.Ke3 Nc6 24.Qc3 Bd5 25.Bxg7 Rhe8+ 26.Kf4 Re4+ 
27.Kg3 Rc4 28.Qf6 Be6 29.h3 Rxc2 30.Re1 Rd7 31.Ne5 1-0

[Event "48th Reggio Emilia it"]
[Site "Reggio Emilia ITA"]
[Date "2006.01.05"]
[Round "8"]
[White "Yevseev, Denis"]
[Black "Cebalo, Miso"]
[Result "1/2-1/2"]
[WhiteElo "2554"]
[BlackElo "2512"]
[EventDate "2005.12.29"]
[PlyCount "110"]

1.d4 Nf6 2.c4 e6 3.Nf3 c5 4.d5 d6 5.Nc3 exd5 6.cxd5 g6 7.h3 a6 8.a4 Qe7 9.
g3 Bg7 10.Bg2 O-O 11.O-O Nbd7 12.Bf4 Re8 13.e4 Qf8 14.Re1 Nh5 15.Be3 Ne5 
16.Nxe5 Bxe5 17.Qd2 Bg7 18.Rab1 f5 19.b4 b6 20.bxc5 bxc5 21.exf5 Bxf5 22.
Rb7 Nf6 23.g4 Bc8 24.Rc7 Rb8 25.Qc2 Rb7 26.Rxb7 Bxb7 27.Qb3 Bc8 28.Bd2 
Rxe1+ 29.Bxe1 h5 30.g5 Nd7 31.Ne4 Ne5 32.Qb8 Nd3 33.Bd2 Bd7 34.Qxf8+ Kxf8 
35.Bf1 Ne5 36.Kg2 Bxa4 37.Nxd6 Bb3 38.f4 Bxd5+ 39.Kf2 Nf7 40.Nxf7 Bd4+ 41.
Be3 Bxe3+ 42.Kxe3 Kxf7 43.Bxa6 h4 44.Bf1 Ba2 45.Ke4 Ke6 46.Kf3 Bd5+ 47.Ke3
Kf7 48.Kd3 Ke7 49.Ke3 Be6 50.Ke4 Kd6 51.Kd3 Bd5 52.Ke3 Ke6 53.Be2 Ke7 54.
Bd3 Kf7 55.f5 gxf5 1/2-1/2

[Event "48th Reggio Emilia it"]
[Site "Reggio Emilia ITA"]
[Date "2006.01.06"]
[Round "9"]
[White "Cebalo, Miso"]
[Black "Landa, Konstantin"]
[Result "1/2-1/2"]
[WhiteElo "2512"]
[BlackElo "2600"]
[EventDate "2005.12.29"]
[PlyCount "20"]

1.d4 d5 2.c4 e6 3.Nc3 Bb4 4.cxd5 exd5 5.Bf4 c6 6.e3 Bf5 7.Bd3 Bxd3 8.Qxd3 
Nf6 9.Ne2 O-O 10.a3 Bd6 1/2-1/2

[Event "48th Reggio Emilia it"]
[Site "Reggio Emilia ITA"]
[Date "2006.01.06"]
[Round "9"]
[White "Fercec, Nenad"]
[Black "Yevseev, Denis"]
[Result "1/2-1/2"]
[WhiteElo "2512"]
[BlackElo "2554"]
[EventDate "2005.12.29"]
[PlyCount "31"]

1.e4 c6 2.d4 d5 3.Nd2 dxe4 4.Nxe4 Bf5 5.Ng3 Bg6 6.h4 h6 7.Nf3 Nd7 8.h5 Bh7
9.Bd3 Bxd3 10.Qxd3 e6 11.Bf4 Qa5+ 12.Bd2 Qc7 13.O-O-O O-O-O 14.Qe2 Ngf6 
15.Ne5 Nb6 16.Ba5 1/2-1/2

[Event "48th Reggio Emilia it"]
[Site "Reggio Emilia ITA"]
[Date "2006.01.06"]
[Round "9"]
[White "Kotronias, Vasilios"]
[Black "Zimina, Olga"]
[Result "1/2-1/2"]
[WhiteElo "2626"]
[BlackElo "2397"]
[EventDate "2005.12.29"]
[PlyCount "29"]

1.e4 c6 2.d4 d5 3.Nc3 dxe4 4.Nxe4 Bf5 5.Ng3 Bg6 6.h4 h6 7.Nf3 Nd7 8.h5 Bh7
9.Bd3 Bxd3 10.Qxd3 e6 11.Bf4 Qa5+ 12.Bd2 Qc7 13.O-O-O Ndf6 14.Ne4 O-O-O 
15.g3 1/2-1/2

[Event "48th Reggio Emilia it"]
[Site "Reggio Emilia ITA"]
[Date "2006.01.06"]
[Round "9"]
[White "Piscopo, Pierluigi"]
[Black "Vocaturo, Daniele"]
[Result "1/2-1/2"]
[WhiteElo "2399"]
[BlackElo "2364"]
[EventDate "2005.12.29"]
[PlyCount "25"]

1.e4 c5 2.Nf3 Nc6 3.Bb5 e6 4.O-O Nge7 5.c3 a6 6.Ba4 b5 7.Bc2 Ng6 8.d4 cxd4
9.cxd4 Nb4 10.Bb3 d5 11.Nc3 dxe4 12.Nxe4 Be7 13.Re1 1/2-1/2